[Event "BCF-chT 2122 (4NCL)"]
[Site "England"]
[Date "2022.02.12"]
[Round "3.136"]
[White "Rabbitt, Michael"]
[Black "Kueh, Audrey"]
[Result "0-1"]
[WhiteElo "1968"]
[BlackElo "2107"]
[PlyCount "34"]
[EventDate "2021.11.27"]
[EventType "team-swiss"]
[EventRounds "11"]
[EventCountry "ENG"]
[SourceTitle "EXT 2023"]
[Source "ChessBase"]
[SourceDate "2022.10.05"]
[SourceVersion "1"]
[SourceVersionDate "2022.10.05"]
[SourceQuality "1"]
[WhiteTeam "Check Innmates"]
[BlackTeam "The Sharks II"]
[WhiteTeamCountry "ENG"]
[BlackTeamCountry "ENG"]

1. e4 c6 2. d4 d5 3. f3 dxe4 4. fxe4 e5 5. Nf3 Bg4 6. Bc4 Nd7 7. c3 Bd6 8. 0-0 Ngf6 9. Qb3 0-0 10. Qxb7 Bxf3 11. gxf3 exd4 12. cxd4 Nxe4 13. fxe4 Qh4 14. Rf2 Nc5 15. Rxf7 Qxh2+ 16. Kf1 Nxb7 17. Rf2+ Kh8 0-1

[Event "BCF-chT4S 1819 (4NCL)"]
[Site "England"]
[Date "2019.05.06"]
[Round "11.61"]
[White "Pink, Joshua"]
[Black "Rabbitt, Michael"]
[Result "1/2-1/2"]
[WhiteElo "2020"]
[BlackElo "1985"]
[PlyCount "219"]
[EventDate "2018.11.17"]
[EventType "team-swiss"]
[EventRounds "11"]
[EventCountry "ENG"]
[SourceTitle "EXT 2021"]
[Source "ChessBase"]
[SourceDate "2020.10.23"]
[SourceVersion "1"]
[SourceVersionDate "2020.10.23"]
[SourceQuality "1"]
[WhiteTeam "Throw in the Tal"]
[BlackTeam "Check Innmates II"]
[WhiteTeamCountry "ENG"]
[BlackTeamCountry "ENG"]

1. d4 d5 2. c4 c6 3. Nc3 dxc4 4. e4 b5 5. a4 b4 6. Nb1 Nf6 7. e5 Nd5 8. Bxc4 Bf5 9. Nf3 e6 10. 0-0 a5 11. Qe2 Be7 12. Rd1 0-0 13. Nbd2 Nd7 14. Nf1 N7b6 15. Ne3 Bg6 16. Bxd5 cxd5 17. b3 Nd7 18. Bb2 Qb6 19. Rac1 Rfc8 20. h4 h6 21. g3 Qb7 22. Ne1 Rxc1 23. Rxc1 Rc8 24. Qd1 Rxc1 25. Qxc1 Bd8 26. N1g2 Qc7 27. Qd1 Qc6 28. Nf4 Be4 29. Nh5 Be7 30. Qe2 Bf8 31. Kh2 Nb8 32. g4 Qa6 33. Nf4 Qxe2 34. Nxe2 f6 35. f4 fxe5 36. fxe5 Kf7 37. Kg3 Be7 38. Nc1 Nc6 39. Nf1 Bd8 40. Nd2 Bc2 41. Nf3 Bb6 42. Kf4 Bd1 43. Ke3 Kg6 44. Kf4 Bxf3 45. Kxf3 Bxd4 46. Bxd4 Nxd4+ 47. Ke3 Nc6 48. Nd3 Kf7 49. Kf4 Ke7 50. g5 Kf7 51. gxh6 gxh6 52. Kg4 Nd4 53. Nc5 Kg6 54. h5+ Kf7 55. Kf4 Ke7 56. Ke3 Nc6 57. Kf4 Nd8 58. Nd3 Kd7 59. Ke3 Nb7 60. Kd2 Kc6 61. Nf2 Nc5 62. Ng4 Ne4+ 63. Ke3 Ng3 64. Nxh6 Nxh5 65. Nf7 Kc5 66. Nd8 Ng7 67. Nb7+ Kb6 68. Nd8 Kc7 69. Nf7 Kc6 70. Nd8+ Kb6 71. Kd3 Kc7 72. Nf7 Nf5 73. Ng5 Kd7 74. Nf7 Ng3 75. Nd6 Kc6 76. Nf7 Kd7 77. Nd6 Kc7 78. Nf7 Ne4 79. Kc2 Nc5 80. Ng5 Kd7 81. Nf3 Ke7 82. Nd4 Kf7 83. Nc6 Nb7 84. Kd3 Kg6 85. Kd4 Kf5 86. Ne7+ Kf4 87. Ng6+ Kf3 88. Nf8 Nd8 89. Nxe6 Nxe6+ 90. Kxd5 Nf4+ 91. Kc6 Ke3 92. Kb5 Kd3 93. Kxa5 Kc3 94. Kb6 Kxb3 95. a5 Kc4 96. a6 b3 97. a7 b2 98. a8Q b1Q+ 99. Ka7 Qa2+ 100. Kb8 Qb3+ 101. Qb7 Qe3 102. Qc7+ Kd3 103. Qd6+ Ke4 104. Qc6+ Kxe5 105. Qc7+ Kf5 106. Qf7+ Kg4 107. Qg7+ Kf3 108. Qb7+ Kf2 109. Qa7 Qxa7+ 110. Kxa7 1/2-1/2

[Event "BCF-chT4S 1819 (4NCL)"]
[Site "England"]
[Date "2019.01.12"]
[Round "3.11"]
[White "Rudge, Jerry F"]
[Black "Rabbitt, Michael"]
[Result "1/2-1/2"]
[WhiteElo "2057"]
[BlackElo "1985"]
[PlyCount "38"]
[EventDate "2018.11.17"]
[EventType "team-swiss"]
[EventRounds "11"]
[EventCountry "ENG"]
[SourceTitle "EXT 2021"]
[Source "ChessBase"]
[SourceDate "2020.10.23"]
[SourceVersion "1"]
[SourceVersionDate "2020.10.23"]
[SourceQuality "1"]
[WhiteTeam "Watford"]
[BlackTeam "Check Innmates II"]
[WhiteTeamCountry "ENG"]
[BlackTeamCountry "ENG"]

1. e4 e5 2. Nf3 Nc6 3. Bc4 Bc5 4. c3 Nf6 5. d3 d6 6. 0-0 Bb6 7. h3 Ne7 8. a4 c6 9. Bb3 Ng6 10. Re1 0-0 11. Na3 Be6 12. Nc4 Bc7 13. Bc2 Qd7 14. Ng5 Rad8 15. Nxe6 fxe6 16. d4 exd4 17. cxd4 d5 18. exd5 Qxd5 19. Qe2 Nf4 1/2-1/2

[Event "BCF-chT4S 1819 (4NCL)"]
[Site "England"]
[Date "2018.11.18"]
[Round "2.94"]
[White "Finn, Daniel"]
[Black "Rabbitt, Michael"]
[Result "1/2-1/2"]
[WhiteElo "1810"]
[BlackElo "1985"]
[PlyCount "62"]
[EventDate "2018.11.17"]
[EventType "team-swiss"]
[EventRounds "11"]
[EventCountry "ENG"]
[SourceTitle "EXT 2021"]
[Source "ChessBase"]
[SourceDate "2020.10.23"]
[SourceVersion "1"]
[SourceVersionDate "2020.10.23"]
[SourceQuality "1"]
[WhiteTeam "Sussex Martlets III"]
[BlackTeam "Check Innmates II"]
[WhiteTeamCountry "ENG"]
[BlackTeamCountry "ENG"]

1. d4 d5 2. c4 c6 3. Nc3 Nf6 4. Bg5 dxc4 5. e3 Qa5 6. Bxf6 exf6 7. Bxc4 Bb4 8. Rc1 0-0 9. Nf3 Na6 10. 0-0 Nc7 11. a3 Be7 12. Re1 Bg4 13. Be2 Rad8 14. Qc2 Rfe8 15. Nd2 Bxe2 16. Rxe2 Bf8 17. Nf3 Qh5 18. Ree1 f5 19. Ne2 g6 20. Rcd1 Nd5 21. h3 Bd6 22. Nc3 Nf6 23. b4 Ne4 24. Qb3 g5 25. Nxe4 fxe4 26. Ne5 Re6 27. Ng4 Qg6 28. d5 cxd5 29. Rxd5 h5 30. Nh2 g4 31. h4 Bxh2+ 1/2-1/2

[Event "BCF-chT4S 1718 (4NCL)"]
[Site "England"]
[Date "2018.02.10"]
[Round "5.82"]
[White "Rabbitt, Michael"]
[Black "Homolka, Vincent"]
[Result "1/2-1/2"]
[WhiteElo "2042"]
[BlackElo "1779"]
[PlyCount "71"]
[EventDate "2017.11.11"]
[EventType "team-swiss"]
[EventRounds "11"]
[EventCountry "ENG"]
[SourceTitle "EXT 2020"]
[Source "ChessBase"]
[SourceDate "2019.10.17"]
[SourceVersion "1"]
[SourceVersionDate "2019.10.17"]
[SourceQuality "1"]
[WhiteTeam "Brown Jack II"]
[BlackTeam "CSC Dragons III"]
[WhiteTeamCountry "ENG"]
[BlackTeamCountry "ENG"]

1. e4 d5 2. exd5 Qxd5 3. Nc3 Qa5 4. d4 Nf6 5. Nf3 c6 6. Be2 Bf5 7. 0-0 e6 8. Nh4 Bg6 9. Nxg6 hxg6 10. Bf4 Nbd7 11. Qd2 Be7 12. a3 0-0 13. Bf3 Qd8 14. Ne2 Nb6 15. b3 Nbd5 16. Bg3 Bd6 17. c4 Ne7 18. Rfd1 Bxg3 19. hxg3 Qd7 20. b4 Rfd8 21. Qc2 Qc7 22. Qb2 Rac8 23. a4 a6 24. Rac1 Qb6 25. a5 Qc7 26. g4 Rd7 27. Rc2 e5 28. Nc1 e4 29. Be2 Qf4 30. Nb3 Nxg4 31. Bxg4 Qxg4 32. Re1 Nf5 33. Rc3 Rcd8 34. Qb1 Nxd4 35. Qxe4 Qxe4 36. Rxe4 1/2-1/2

[Event "BCF-chT3S 1617 (4NCL) Demotion pool"]
[Site "England"]
[Date "2017.04.29"]
[Round "9.56"]
[White "Conway, Paul Bernard"]
[Black "Rabbitt, Michael"]
[Result "1/2-1/2"]
[WhiteElo "1888"]
[BlackElo "2032"]
[PlyCount "109"]
[EventDate "2016.11.26"]
[EventType "team-tourn"]
[EventRounds "11"]
[EventCountry "ENG"]
[SourceTitle "EXT 2019"]
[Source "ChessBase"]
[SourceDate "2018.10.10"]
[SourceVersion "1"]
[SourceVersionDate "2018.10.10"]
[SourceQuality "1"]
[WhiteTeam "Hackney"]
[BlackTeam "Brown Jack"]
[WhiteTeamCountry "ENG"]
[BlackTeamCountry "ENG"]

1. e4 e5 2. Nf3 Nc6 3. Bb5 a6 4. Ba4 Nf6 5. 0-0 Be7 6. Re1 b5 7. Bb3 d6 8. c3 0-0 9. h3 Na5 10. Bc2 c5 11. d4 Qc7 12. Nbd2 Re8 13. Nf1 Bf8 14. Ng3 g6 15. Bg5 Bg7 16. b3 Nc6 17. d5 Ne7 18. Qd2 c4 19. bxc4 bxc4 20. Reb1 Bd7 21. a4 a5 22. Qe2 Bc8 23. Be3 Nd7 24. Nd2 Ba6 25. f3 Rab8 26. Ngf1 f5 27. Bg5 f4 28. Nh2 Bf6 29. Bxf6 Nxf6 30. Rxb8 Rxb8 31. Rb1 Rxb1+ 32. Nxb1 Nc8 33. Nf1 Nd7 34. Nfd2 Ncb6 35. Kh2 Qc5 36. Nf1 Kg7 37. h4 Nf6 38. g4 Bc8 39. Kg2 Bd7 40. Qd1 Ne8 41. Nfd2 Nc7 42. Nf1 Na6 43. Nfd2 Be8 44. Kf1 Qe3 45. Qe2 Nc5 46. Na3 Qxc3 47. Ndxc4 Nc8 48. Qd1 Qb4 49. Qe1 Bxa4 50. Bxa4 Nxa4 51. Qxb4 axb4 52. Nb1 Kf7 53. Ke2 Ke7 54. Na5 Nc5 55. Nc6+ 1/2-1/2

[Event "BCF-chT2d 1516 (4NCL) Demotion pool"]
[Site "England"]
[Date "2016.05.01"]
[Round "10.11"]
[White "Arkell, Nicholas D"]
[Black "Rabbitt, Michael"]
[Result "1/2-1/2"]
[WhiteElo "2027"]
[BlackElo "2036"]
[PlyCount "53"]
[EventDate "2015.11.14"]
[EventType "team-tourn"]
[EventRounds "4"]
[EventCountry "ENG"]
[SourceTitle "EXT 2017"]
[Source "ChessBase"]
[SourceDate "2016.10.25"]
[SourceVersion "1"]
[SourceVersionDate "2016.10.25"]
[SourceQuality "1"]
[WhiteTeam "The ADS"]
[BlackTeam "Brown Jack Witney"]
[WhiteTeamCountry "ENG"]
[BlackTeamCountry "ENG"]

1. d4 Nf6 2. g3 d5 3. Bg2 Bf5 4. Nf3 e6 5. 0-0 Be7 6. c4 c6 7. cxd5 exd5 8. Nc3 0-0 9. Bf4 Nbd7 10. Ne5 Nxe5 11. Bxe5 Nd7 12. Bf4 Re8 13. h3 Bf8 14. Qd2 Nf6 15. a3 a5 16. Be5 h6 17. Qf4 Bg6 18. Bxf6 Qxf6 19. Qxf6 gxf6 20. Rfd1 f5 21. e3 f6 22. Bf1 Bh5 23. Be2 Bxe2 24. Nxe2 Kf7 25. Nf4 Bd6 26. Ng2 a4 27. Ne1 1/2-1/2

[Event "BCF-chT2d 1516 (4NCL) Demotion pool"]
[Site "England"]
[Date "2016.03.20"]
[Round "8.12"]
[White "Rabbitt, Michael"]
[Black "Head, Louise"]
[Result "0-1"]
[WhiteElo "2048"]
[BlackElo "1957"]
[PlyCount "62"]
[EventDate "2015.11.14"]
[EventType "team-tourn"]
[EventRounds "4"]
[EventCountry "ENG"]
[SourceTitle "EXT 2017"]
[Source "ChessBase"]
[SourceDate "2016.10.25"]
[SourceVersion "1"]
[SourceVersionDate "2016.10.25"]
[SourceQuality "1"]
[WhiteTeam "Brown Jack Witney"]
[BlackTeam "BCM Dragons"]
[WhiteTeamCountry "ENG"]
[BlackTeamCountry "ENG"]

1. d4 d5 2. c4 dxc4 3. Nc3 c5 4. d5 e6 5. e4 exd5 6. Qxd5 Qxd5 7. Nxd5 Bd6 8. Bxc4 Nc6 9. Be3 Be6 10. Ne2 Nge7 11. Rd1 Rd8 12. Nef4 Bxf4 13. Bxf4 Bxd5 14. exd5 Nd4 15. Be5 Nef5 16. a4 f6 17. Bxd4 Nxd4 18. b4 Nc2+ 19. Kd2 Nxb4 20. Rhe1+ Kd7 21. Kc3 a6 22. Re6 Rhe8 23. Rb6 Kc7 24. a5 Rd6 25. Rxd6 Kxd6 26. Rd2 Re1 27. Be2 Ra1 28. Bf3 Rxa5 29. Rd1 Ra3+ 30. Kb2 Rd3 31. Re1 Rxf3 0-1

[Event "BCF-chT2a 1516 (4NCL)"]
[Site "England"]
[Date "2015.11.14"]
[Round "1.228"]
[White "Summerscale, Claire"]
[Black "Rabbitt, Michael"]
[Result "1/2-1/2"]
[WhiteElo "1885"]
[BlackElo "2050"]
[PlyCount "70"]
[EventDate "2015.11.14"]
[EventType "team-tourn"]
[EventRounds "7"]
[EventCountry "ENG"]
[SourceTitle "CBM 169 Extra"]
[Source "ChessBase"]
[SourceDate "2015.12.18"]
[SourceVersion "1"]
[SourceVersionDate "2015.12.18"]
[SourceQuality "1"]
[WhiteTeam "Grantham Sharks II"]
[BlackTeam "Brown Jack Witney"]
[WhiteTeamCountry "ENG"]
[BlackTeamCountry "ENG"]

1. d4 d5 2. Nf3 Nf6 3. e3 Bf5 4. Bd3 Bxd3 5. Qxd3 c6 6. 0-0 Nbd7 7. b3 e6 8. Bb2 Be7 9. Nbd2 0-0 10. h3 Qc7 11. Ne5 Nxe5 12. dxe5 Nd7 13. f4 f6 14. Nf3 Nc5 15. Qd1 Ne4 16. Nd2 f5 17. Nxe4 dxe4 18. Qe2 Rad8 19. Rfd1 Qa5 20. a4 Rd5 21. Rxd5 cxd5 22. Bd4 Rc8 23. c3 Rc6 24. Qb5 Qc7 25. b4 a6 26. Qe2 Rc4 27. a5 Qd7 28. Qd1 Rc8 29. Qa4 Qxa4 30. Rxa4 Kf7 31. Kf2 g5 32. g3 gxf4 33. exf4 h5 34. Ra1 Rg8 35. h4 Rc8 1/2-1/2

[Event "BCF-chT2d 1314 (4NCL)"]
[Site "England"]
[Date "2014.05.05"]
[Round "11.67"]
[White "Blackburn, Suzie G"]
[Black "Rabbitt, Michael"]
[Result "1-0"]
[WhiteElo "1962"]
[BlackElo "2060"]
[PlyCount "75"]
[EventDate "2013.11.16"]
[EventType "team-tourn"]
[EventRounds "11"]
[EventCountry "ENG"]
[SourceTitle "EXT 2015"]
[Source "ChessBase"]
[SourceDate "2014.11.20"]
[SourceVersion "1"]
[SourceVersionDate "2014.11.20"]
[SourceQuality "1"]
[WhiteTeam "Rhyfelwyr Essyllwg"]
[BlackTeam "Brown Jack"]
[WhiteTeamCountry "ENG"]
[BlackTeamCountry "ENG"]

1. d4 d5 2. Nf3 Nf6 3. Bf4 e6 4. e3 Nbd7 5. Bd3 c5 6. c3 Qb6 7. Qc1 Bd6 8. Bg3 0-0 9. Nbd2 Re8 10. 0-0 Nf8 11. e4 dxe4 12. Nc4 Qc6 13. Nxd6 exf3 14. Bb5 fxg2 15. Bxc6 gxf1Q+ 16. Kxf1 bxc6 17. Nxe8 Ba6+ 18. Kg1 Rxe8 19. dxc5 N8d7 20. b4 Bc4 21. Qf4 Bd3 22. Rd1 e5 23. Qe3 Bc4 24. Rd6 Bb5 25. Qc1 Bc4 26. Rxc6 Ne4 27. Bh4 Nf8 28. f3 Bd5 29. Ra6 Nf6 30. Bxf6 gxf6 31. Rxf6 Ne6 32. c4 Ba8 33. Qe3 Nd4 34. b5 Kg7 35. Qh6+ Kh8 36. Rxf7 Nxf3+ 37. Kf2 Be4 38. Qg7# 1-0

[Event "BCF-chT3 1213 (4NCL)"]
[Site "England"]
[Date "2013.03.24"]
[Round "9.90"]
[White "Hewitt, Sean"]
[Black "Rabbitt, Michael"]
[Result "1/2-1/2"]
[WhiteElo "1831"]
[BlackElo "2084"]
[PlyCount "89"]
[EventDate "2012.11.03"]
[EventType "team-swiss"]
[EventRounds "11"]
[EventCountry "ENG"]
[SourceTitle "EXT 2014"]
[Source "ChessBase"]
[SourceDate "2013.11.20"]
[SourceVersion "1"]
[SourceVersionDate "2013.11.20"]
[SourceQuality "1"]
[WhiteTeam "e2e4.org.uk III"]
[BlackTeam "Brown Jack"]
[WhiteTeamCountry "ENG"]
[BlackTeamCountry "ENG"]

1. e4 c5 2. Nc3 e6 3. f4 a6 4. Nf3 b5 5. d3 Bb7 6. Be2 Nc6 7. 0-0 Nd4 8. Nxd4 cxd4 9. Nb1 Rc8 10. Bf3 Ne7 11. b3 g6 12. Bb2 Bg7 13. Na3 Qc7 14. Qd2 0-0 15. g3 d5 16. Rf2 dxe4 17. dxe4 Rfd8 18. Qd3 Qc5 19. Rc1 Nc6 20. e5 Nb4 21. Qe2 Bxf3 22. Qxf3 Nxa2 23. Rd1 Nb4 24. Qe4 Nc6 25. Rd3 Bf8 26. Nb1 Qb6 27. Nd2 Bc5 28. Nf3 Nb4 29. Rxd4 Bxd4 30. Nxd4 Nc6 31. Nf3 Rd1+ 32. Kg2 Rcd8 33. g4 Qc5 34. f5 Qd5 35. Qf4 Nd4 36. f6 Nxf3 37. Qh6 Ng5+ 38. Kg3 Rg1+ 39. Kh4 Rxg4+ 40. Kxg4 Qe4+ 41. Kg3 Qe3+ 42. Kg2 Qe4+ 43. Kg3 Qe3+ 44. Kg2 Qe4+ 45. Kg3 1/2-1/2

[Event "BCF-chT3 1213 (4NCL)"]
[Site "England"]
[Date "2013.03.23"]
[Round "7.110"]
[White "Pein, Jonathan"]
[Black "Rabbitt, Michael"]
[Result "0-1"]
[WhiteElo "1824"]
[BlackElo "2084"]
[PlyCount "86"]
[EventDate "2012.11.03"]
[EventType "team-swiss"]
[EventRounds "11"]
[EventCountry "ENG"]
[SourceTitle "EXT 2014"]
[Source "ChessBase"]
[SourceDate "2013.11.20"]
[SourceVersion "1"]
[SourceVersionDate "2013.11.20"]
[SourceQuality "1"]
[WhiteTeam "Celtic Tigers"]
[BlackTeam "Brown Jack"]
[WhiteTeamCountry "ENG"]
[BlackTeamCountry "ENG"]

1. e4 e5 2. Nf3 Nc6 3. Bb5 a6 4. Ba4 Nf6 5. 0-0 Be7 6. Re1 b5 7. Bb3 0-0 8. c3 d5 9. exd5 e4 10. dxc6 exf3 11. d4 Re8 12. Bf4 Nd5 13. Bxd5 Qxd5 14. Qxf3 Qxf3 15. gxf3 Be6 16. Nd2 Rac8 17. Rxe6 fxe6 18. Be5 Bd6 19. f4 Bxe5 20. fxe5 Rb8 21. Nb3 Kf7 22. Kg2 Kg6 23. Kf3 Kf5 24. Rg1 g5 25. h3 a5 26. h4 Rg8 27. h5 g4+ 28. Ke3 a4 29. Nc5 h6 30. Ne4 Rbf8 31. Rg3 Rh8 32. f4 Rhg8 33. Rg1 g3 34. Kf3 g2 35. Ng3+ Rxg3+ 36. Kxg3 Ke4 37. Rxg2 Ke3 38. Kh3 Rxf4 39. Rg7 Rf3+ 40. Rg3 Rxg3+ 41. Kxg3 Ke4 42. Kg4 b4 43. Kg3 a3 0-1

[Event "BCF-chT2d 1112 (4NCL)"]
[Site "England"]
[Date "2012.05.07"]
[Round "9.27"]
[White "Reuben, Stewart"]
[Black "Rabbitt, Michael"]
[Result "1/2-1/2"]
[WhiteElo "2115"]
[BlackElo "2025"]
[PlyCount "98"]
[EventDate "2011.11.12"]
[EventType "team-swiss"]
[EventRounds "11"]
[EventCountry "ENG"]
[SourceTitle "EXT 2013"]
[Source "ChessBase"]
[SourceDate "2012.11.22"]
[SourceVersion "1"]
[SourceVersionDate "2012.11.22"]
[SourceQuality "1"]
[WhiteTeam "FCA Solutions"]
[BlackTeam "Brown Jack"]
[WhiteTeamCountry "ENG"]
[BlackTeamCountry "ENG"]

1. c4 Nf6 2. g3 c6 3. b3 d5 4. Bb2 Bf5 5. Nf3 e6 6. Bg2 Be7 7. d3 h6 8. Nbd2 0-0 9. 0-0 Nbd7 10. Nd4 Bh7 11. e4 dxe4 12. dxe4 Qb6 13. e5 Nxe5 14. Nxe6 Nd3 15. Bxf6 Bxf6 16. Nxf8 Rxf8 17. Ne4 Bxa1 18. Qxa1 Re8 19. Qc3 Bxe4 20. Bxe4 Nxf2 21. Rxf2 Rxe4 22. c5 Qd8 23. Rxf7 Kxf7 24. Qf3+ Qf6 25. Qxe4 Qa1+ 26. Kg2 Qxa2+ 27. Kg1 Qa1+ 28. Kg2 Qb2+ 29. Kh3 Qxb3 30. Qf4+ Kg8 31. Qb8+ Kh7 32. Qxa7 Qd5 33. Qa3 h5 34. Qb4 Kg6 35. Qc3 Kf7 36. Kh4 g6 37. Qc2 Qe6 38. Kg5 Qg4+ 39. Kh6 h4 40. Qf2+ Qf5 41. Qa2+ Ke7 42. Qa7 Kf6 43. Qa1+ Ke6 44. Qa2+ Ke5 45. gxh4 Kd4 46. Qb2+ Kxc5 47. Qxb7 Qh5+ 48. Kg7 Qxh4 49. Qa7+ Kd6 1/2-1/2

[Event "BCF-chT2b 1112 (4NCL)"]
[Site "England"]
[Date "2012.01.14"]
[Round "3.8"]
[White "Rabbitt, Michael"]
[Black "Lochte, Szilvia"]
[Result "1-0"]
[WhiteElo "2025"]
[BlackElo "1956"]
[PlyCount "79"]
[EventDate "2011.11.12"]
[EventType "team-match"]
[EventRounds "7"]
[EventCountry "ENG"]
[SourceTitle "EXT 2013"]
[Source "ChessBase"]
[SourceDate "2012.11.22"]
[SourceVersion "1"]
[SourceVersionDate "2012.11.22"]
[SourceQuality "1"]
[WhiteTeam "Brown Jack"]
[BlackTeam "South Wales Dragons"]
[WhiteTeamCountry "ENG"]
[BlackTeamCountry "ENG"]

1. d4 Nf6 2. c4 e6 3. Nf3 b6 4. g3 Bb7 5. Bg2 Be7 6. 0-0 0-0 7. Nc3 d6 8. Qc2 Nbd7 9. e4 e5 10. b3 c6 11. Bb2 Qc7 12. Rfe1 Rfd8 13. Rac1 Rac8 14. Qd2 Qb8 15. Bh3 Qc7 16. Qe2 Re8 17. Rcd1 Rcd8 18. Bg2 a6 19. Rc1 Bf8 20. d5 c5 21. Nd2 g6 22. Rf1 Bh6 23. Rce1 Nh5 24. a4 Rb8 25. Qd3 Qd8 26. Ne2 Ng7 27. f4 f5 28. Bh3 Rf8 29. Nf3 fxe4 30. Qxe4 Nf6 31. Qc2 exf4 32. Nxf4 Bc8 33. Bxc8 Qxc8 34. Ne6 Rf7 35. Nfg5 Nxe6 36. dxe6 Re7 37. Bxf6 Bxg5 38. Bxg5 Rxe6 39. Qd2 Qe8 40. Qd5 1-0

[Event "BCF-chT2d 0809 (4NCL) Demotion pool"]
[Site "Hinckley Island"]
[Date "2009.05.03"]
[Round "11.8"]
[White "Owens, Megan R"]
[Black "Rabbitt, Michael"]
[Result "0-1"]
[WhiteElo "1738"]
[BlackElo "2025"]
[PlyCount "74"]
[EventDate "2008.10.04"]
[EventType "team-tourn"]
[EventRounds "4"]
[EventCountry "ENG"]
[SourceTitle "EXT 2010"]
[Source "ChessBase"]
[SourceDate "2010.11.25"]
[SourceVersion "1"]
[SourceVersionDate "2010.11.25"]
[SourceQuality "1"]
[WhiteTeam "Celtic Tigers"]
[BlackTeam "Brown Jack"]
[WhiteTeamCountry "ENG"]
[BlackTeamCountry "ENG"]

1. d4 Nf6 2. c4 g6 3. Nc3 Bg7 4. e4 d6 5. Nf3 0-0 6. Be2 e5 7. dxe5 dxe5 8. Qxd8 Rxd8 9. Bg5 Re8 10. Bxf6 Bxf6 11. Nd5 Bd8 12. 0-0-0 c6 13. Nc3 Nd7 14. Nd2 a5 15. Kc2 Nc5 16. h4 h5 17. f3 Ne6 18. g4 Nd4+ 19. Kb1 hxg4 20. Rdg1 gxf3 21. Nxf3 Nxf3 22. Bxf3 Bb6 23. Rg2 Be3 24. h5 g5 25. Re1 Bf4 26. Ne2 f6 27. Bg4 Kh7 28. Rd1 Bxg4 29. Rxg4 Rad8 30. Rgg1 Kh6 31. Rh1 Rh8 32. Kc2 g4 33. b3 Kg5 34. Rxd8 Rxd8 35. h6 g3 36. h7 Rh8 37. Kd1 Kg4 0-1